Most na R1 Nitra-Selenec

Na minha lista:
Detalhes bibliográficos
Autor principal: Buchta, Matej, 1986- (Author)
Outros Autores: Borzovič, Viktor, 1978- (Thesis advisor)
Formato: Manuscrito Livro
Idioma:eslovaco
Publicado em: Bratislava : STU v Bratislave SvF, 2010
Assuntos:
Acesso em linha:VAIS
Tags: Adicionar Tag
Sem tags, seja o primeiro a adicionar uma tag!

MARC

LEADER 00000ntm a22000003a 4500
001 stu216639
005 20160721135436.9
008 101116s2010----xo------------------slo-d
040 |a STU  |b slo 
041 0 |a slo 
044 |a xo 
100 1 |a Buchta, Matej,  |d 1986-  |4 aut  |X 27300  |7 A000027300 
242 0 0 |a The bridge on road R1 Nitra - Selenec  |y eng 
245 1 |a Most na R1 Nitra-Selenec 
260 |a Bratislava :  |b STU v Bratislave SvF,  |c 2010 
650 7 |a inžinierske konštrukcie a dopravné stavby  |2 stusub 
650 7 |a Structural and Transportation Engineering  |2 estusub 
650 7 |a letmá betonáž  |2 stusub 
700 1 |a Borzovič, Viktor,  |d 1978-  |4 ths  |u V110  |U SvF Stavebná fakulta  |T SvF Katedra betónových konštrukcií a mostov  |X 3688  |U V110  |Y 11  |7 A000003688 
856 4 |a info a plný text  |u http://is.stuba.sk/zp/portal_zp.pl?podrobnosti=76710  |3 VAIS